Pilotos de Formula 1 de 2025 - Statistics

Estatísticas Gerais
  • Esse quiz foi jogado 1 005 vezes
  • A pontuação média é 17 de 20
Estatísticas das Respostas
Hint Resposta % Correto
Ferrari Lewis Hamilton
99%
Red Bull Max Verstappen
97%
Ferrari Charles Leclerc
96%
Mclaren Lando Norris
94%
Kick Sauber Gabriel Bortoleto
92%
Mclaren Oscar Piastri
91%
Aston Martin Fernando Alonso
90%
RB Yuki Tsunoda
90%
Mercedes Kimi Antonelli
88%
Williams Carlos Sainz
86%
Mercedes George Russell
84%
Alpine Pierre Gasly
82%
Aston Martin Lance Stroll
81%
Kick Sauber Nico Hulkenberg
81%
Haas Esteban Ocon
80%
Red Bull Liam Lawson
76%
Williams Alex Albon
75%
Haas Oliver Bearman
75%
RB Isack Hadjar
74%
Alpine Jack Doohan
60%
Nenhum quiz correspondente encontrado
Distribuição das Pontuações
Porcentagem de Pessoas com Cada Pontuação
Percentil de Números Respondidos
Sua Pontuação Histórica
Você não jogou esse quiz